La incorporación de la categoría del aspecto en una gramática generativa transformacional del español

Zapisane w:
Opis bibliograficzny
1. autor: Margery Peña, Enrique
Format: Książka
Język:Undetermined
Wydane: San José, Costa Rica Escuela de Filología, Lingüística y Literatura,Universidad de Costa Rica 1982
Hasła przedmiotowe:
Etykiety: Dodaj etykietę
Nie ma etykietki, Dołącz pierwszą etykiete!

MARC

LEADER 00000nam a2200000Ia 4500
008 170316s9999 xx 000 0 und d
040 |a cru BVZT 
090 |a TESIS 11 
100 |a Margery Peña, Enrique 
245 |a La incorporación de la categoría del aspecto en una gramática generativa transformacional del español  |c / Enrique Margery Peña 
260 |a San José, Costa Rica  |b Escuela de Filología, Lingüística y Literatura,Universidad de Costa Rica  |c 1982 
300 |a 376 páginas 
650 |a MAGÍSTER LITTERARUM EN LINGÜÍSTICA 
650 |a TRABAJO FNAL DE GRADUACIÓN 
999 |c 13697  |d 13697 
942 |c TFG  |h TESIS 11  |2 z